Comprehensive Handbook for Pharmacist Grade-II Recruitment Exam (Record no. 13466)
[ view plain ]
| 000 -LEADER | |
|---|---|
| fixed length control field | 00434nam a22001577a 4500 |
| 003 - CONTROL NUMBER IDENTIFIER | |
| control field | OSt |
| 008 - FIXED-LENGTH DATA ELEMENTS--GENERAL INFORMATION | |
| fixed length control field | 250430b |||||||| |||| 00| 0 eng d |
| 020 ## - INTERNATIONAL STANDARD BOOK NUMBER | |
| International Standard Book Number | 9789348734679 |
| 082 ## - DEWEY DECIMAL CLASSIFICATION NUMBER | |
| Classification number | 615.07 VEC |
| 100 ## - MAIN ENTRY--PERSONAL NAME | |
| Personal name | Veerareddy, Prabhakar.Reddy |
| 245 ## - TITLE STATEMENT | |
| Title | Comprehensive Handbook for Pharmacist Grade-II Recruitment Exam |
| 260 ## - PUBLICATION, DISTRIBUTION, ETC. (IMPRINT) | |
| Place of publication, distribution, etc | Hyderbad |
| Name of publisher, distributor, etc | Pharmamed |
| Date of publication, distribution, etc | 2025 |
| 300 ## - PHYSICAL DESCRIPTION | |
| Extent | ix,986 |
| 650 ## - SUBJECT ADDED ENTRY--TOPICAL TERM | |
| Topical term or geographic name as entry element | PHARMACY GENERAL BOOKS |
| 942 ## - ADDED ENTRY ELEMENTS (KOHA) | |
| Source of classification or shelving scheme | Dewey Decimal Classification |
| Koha item type | Reference Books |
| Withdrawn status | Lost status | Source of classification or shelving scheme | Damaged status | Not for loan | Collection code | Home library | Current library | Date acquired | Source of acquisition | Currency | Cost, normal purchase price | Bill Number | Total Checkouts | Full call number | Acc. no. / Barcode | Date last seen | Actual Cost, discounted price | Bill Date | Koha item type |
|---|---|---|---|---|---|---|---|---|---|---|---|---|---|---|---|---|---|---|---|
| Dewey Decimal Classification | B.Pharma | PIET C-LIBRARY | PIET C-LIBRARY | 22/04/2025 | Zafaa Books Distributres | Rs | 995.00 | ZBD0062 | 615.07 VEC | BP2790 | 30/04/2025 | 746.25 | 19/04/2025 | Reference Books |